| 000 | 01157nam a22002417a 4500 | ||
|---|---|---|---|
| 005 | 20170208153627.0 | ||
| 008 | 170208b xxu||||| |||| 00| 0 eng d | ||
| 010 | _aB-654502-503 | ||
| 020 |
_a9788180315183 (भाग-1 ) _c295.00 |
||
| 020 |
_a9788180315190 (भाग -2) _c295.00 |
||
| 035 | _aB-654502-503 | ||
| 037 | _bL/RP/KK Publications | ||
| 082 | _aउ | ||
| 100 | _aयशपाल | ||
| 245 |
_aझूठा सच / _cयशपाल |
||
| 250 | _a2रा संस्क | ||
| 260 |
_aइलाहबाद _bलोकभारती प्रकाशन _c2016(repr.) |
||
| 270 |
_aपहली मंजिल, दरबारी बिल्डिंग महात्मा गाँधी मार्ग _bइलाहबाद _e211001 |
||
| 300 |
_a2भा. (415पृ; 540पृ.) _c22सेमी (अजिल्द ) |
||
| 505 | _aभा.1-वतन और देश ; भा.2-देश का भविष्य | ||
| 942 |
_2ddc _cHN _hउ _mयशपा |
||
| 999 |
_c137474 _d137474 |
||